Normal view MARC view

Entry Personal Name

Number of records used in: 1

001 - CONTROL NUMBER

  • control field: 264992

003 - CONTROL NUMBER IDENTIFIER

  • control field: OSt

005 - DATE AND TIME OF LATEST TRANSACTION

  • control field: 20260602124453.0

008 - FIXED-LENGTH DATA ELEMENTS

  • fixed length control field: 260602|| aca||aabn | a|a d

040 ## - CATALOGING SOURCE

  • Original cataloging agency: OSt
  • Transcribing agency: OSt

100 ## - HEADING--PERSONAL NAME

  • Personal name: JOSHI (D T)
  • Dates associated with a name: ಜಿ.ಡಿ. ಜೋಶಿ

670 ## - SOURCE DATA FOUND

  • Source citation: Work cat.: (OSt)101779: JOSHI (D T) ಜಿ.ಡಿ. ಜೋಶಿ , Madhyayugina bharathada itihasa ( kri sha 1206 rinda 1707 ra varege), 1998